000 00528nam a2200169Ia 4500
008 090711s9999 xx 000 0 und d
082 _b794
100 _aनरवणे सुधा
245 _aविसरू दे मला
260 _bचंद्रमौळी प्रकाशन
_c1998
300 _a152
600 _aनरवणे सुधा
630 _aविसरू दे मला
700 _aनरवणे सुधा
730 _aविसरू दे मला
942 _cBOOK
999 _c333584
_d333584